000 00749nam a2200265Ia 4500
003 OSt
005 20220918202507.0
006 a|||||r|||| 00| 0
007 ta
008 220917b |||||||| |||| 00| 0 eng d
024 _a101,690
037 _cTextual
040 _aARTS
_cARTS
_beng
041 _2eng
_aeng
082 _aV236.M4, L6
100 _aSteinbach Henry
_9104051
245 0 _aPunjab
_b being account of the country of the Sikhs
260 _aKarachi
_bOUP
_c1976
300 _axli,183p.
_ccm.
490 _aOxford in Asia historical reprints from Pakistan
500 _aOriginally published in 1846
650 _aHISTORY
942 _hV236.M4, L6
_cTEXL
_2CC
999 _c225150
_d225150